| 000 | 00537nam a2200181Ia 4500 | ||
|---|---|---|---|
| 005 | 20250326130808.0 | ||
| 008 | 250326s9999 xx 000 0 und d | ||
| 037 | _aTextbook | ||
| 040 |
_aFMSL _beng _cFMSL |
||
| 041 |
_aeng _2eng |
||
| 084 |
_aX:8F Q4 _qFMSL |
||
| 100 |
_aZhang G _9741369 |
||
| 245 | 0 |
_aAccounting information and equity valuation: theory, evidence and applications _cZhang G |
|
| 260 |
_aNew Jersey _bNew Jersey, Springer _c2014 |
||
| 300 | _a233p | ||
| 942 |
_cTB _hX:8F Q4 |
||
| 999 |
_c1284147 _d1284147 |
||